Soukromá vzpoura : rozhovor s Karlem Hvížďalou /

Main Author: Landovský, Pavel, 1936-2014
Other Authors: Hvížďala, Karel, 1941-
Language: Czech
Published: Praha : Mladá fronta, 1990
Edition: 2. vyd., 1. vyd. v MF
Online Access: Digitalizovaný dokument
Physical Description: 158 s. ; 20 cm
Book
Saved in:
LEADER 01083nam a22002772a 4500
001 000311286
003 CZ BrMZK
005 20260316092530.0
007 ta
008 980107s1990 xr f 000 0 cze d
015 |a cnb000060174 
035 |a (OCoLC)39567350 
040 |a BOA001  |b cze 
080 |a 885.0-94  |2 MRF 
100 1 |a Landovský, Pavel,  |d 1936-2014  |7 jk01071483  |4 aut 
245 1 0 |a Soukromá vzpoura :  |b rozhovor s Karlem Hvížďalou /  |c Pavel Landovský 
250 |a 2. vyd., 1. vyd. v MF 
260 |a Praha :  |b Mladá fronta,  |c 1990 
300 |a 158 s. ;  |c 20 cm 
700 1 |a Hvížďala, Karel,  |d 1941-  |7 jk01043370  |4 ivr 
856 4 1 |u http://www.digitalniknihovna.cz/mzk/uuid/uuid:6439f8d0-5a5f-11e2-8f49-005056827e51  |y Digitalizovaný dokument  |x NDK 
910 |a BOA001  |b PK-0116.215  |b 2-0963.817 
964 |a Landovský, Pavel - vzpomínky vlastní 
990 |a BK 
996 7 |b 2619344920  |c 2-0963.817  |l MZK  |r Sklad / do 1 hodiny  |n 3  |w 000311286  |u 000020  |a 1  |e BOA001  |j MZK50  |s A 
996 7 |b 3119925681  |c PK-0116.215  |l MZK  |r Sklad / do 1 hodiny  |n 10  |w 000311286  |u 000010  |a 1  |e BOA001  |j MZK50  |s A